Naharkatiar Etihas Praramvika (Record no. 4778)

MARC details
000 -LEADER
fixed length control field 00438cam a2200169ua 4500
008 - FIXED-LENGTH DATA ELEMENTS--GENERAL INFORMATION
fixed length control field 131005n ii |||gr||||Z||||||asm
040 ## - CATALOGING SOURCE
Transcribing agency MAIN
082 ## - DEWEY DECIMAL CLASSIFICATION NUMBER
Classification number 954.162
245 ## - TITLE STATEMENT
Title Naharkatiar Etihas Praramvika
Statement of responsibility, etc. By Gopal Nahardeka
260 ## - PUBLICATION, DISTRIBUTION, ETC.
Place of publication, distribution, etc. Naharkatia:
Name of publisher, distributor, etc. Microprintings,
Date of publication, distribution, etc. 2010.
300 ## - PHYSICAL DESCRIPTION
Extent x,101p.
700 ## - ADDED ENTRY--PERSONAL NAME
Personal name Nahardeka,Gopal,
Relator term
942 ## - ADDED ENTRY ELEMENTS (KOHA)
Koha item type Books
653 ## - INDEX TERM--UNCONTROLLED
Uncontrolled term History
653 ## - INDEX TERM--UNCONTROLLED
Uncontrolled term Naharkatia Itihas Praramvika
Holdings
Withdrawn status Lost status Damaged status Not for loan Home library Current library Shelving location Date acquired Total Checkouts Full call number Barcode Date last seen Date last checked out Copy number Price effective from Koha item type
        Central Library, Naharkatiya College Central Library, Naharkatiya College General Stacks 19/09/2020 1 954.162 | NAH 20453 11/02/2021 05/02/2021 1 19/09/2020 Books

Naharkatiya College © 2020. All rights reserved.

Powered By